Statistics for Regions Bordering Thailand Map Quiz

Click here to take the quiz!

General Stats

  • This quiz has been taken 130 times
  • The average score is 10 of 25

Answers on the Map

Answers color-coded by a green-red scale on the quiz's map according to % correct below.
 

Answer Stats

Answer% Correct
Vientiane Prefecture
68%
Vientiane Province
58%
Shan
56%
Perlis
53%
Kedah
51%
Mon
49%
Tanintharyi
44%
Battambang
41%
Kelantan
41%
Kayin
40%
Kayah
39%
Koh Kong
38%
Perak
38%
Preah Vihear
38%
Bokeo
36%
Champasak
36%
Banteay Meanchey
35%
Savannakhet
33%
Oddar Meanchey
28%
Pailin
27%
Salavan
27%
Bolikhamsai
26%
Sainyabuli
26%
Khammouane
25%
Pursat
22%

Score Distribution

Percentile by Number Answered

Percent of People with Each Score

Your Score History

You have not taken this quiz